000 00975nas a2200337 4500
001 BR0702773
003 BR-BrBNA
005 20231205110815.0
007 ta
008 230509b bl.|||p| |||| 00| 00por d
040 _aBR-BrBNA
_bpor
_cBiblioteca Nacional de Agricultura
041 _a(Pt)
072 _aL73
100 1 _aLima, E. de C.
100 1 _aStamford, T.L.M.
100 1 _aAlves, L.C.
100 1 _aMota, R.A.
100 1 _aFaustino, M.A. da G.
100 1 _aShinohara, N.K.S.
245 1 _aImportância da criptosporidiose para a saúde pública
650 _aCOCCIDIOSE
650 _aDIAGNÓSTICO
650 _aZOONOSE
650 _aEPIDEMIOLOGIA
650 _aPROTOZOÁRIO
650 _aANÁLISE DE LABORATÓRIO
650 _aSAÚDE PÚBLICA
773 0 _tCiência Veterinária nos Trópicos (Brazil)
_xISSN 1415-6326
_g(Jan-Apr 2001), v. 4(1) p. 229-239
_wBR0702773
909 _a202311
_bLúcia
_c55
_dLúcia Elande
942 _2AGRIS
_n0
_cANA
999 _c189159
_d189159